| 000 | 00750nam a2200205 a 4500 | ||
|---|---|---|---|
| 003 | 0 | ||
| 005 | 20250306154016.0 | ||
| 008 | 101012s19uu xx 00 eng d | ||
| 050 |
_aPHS BF 575.A6 _b.K49 2010 |
||
| 100 | _aKim, Chaewoon. | ||
| 245 |
_aLevel of anxiety and extent of social support of foreign high school students / _cChaewoon Kim. |
||
| 260 |
_aLas PiƱas City, Philippines : _bSouthville International School and Colleges, _c2010. |
||
| 300 |
_a23 pages : _billustrations ; _c30 cm. |
||
| 504 | _aIncludes bibliographical references. | ||
| 650 | _aAnxiety in adolescence. | ||
| 650 |
_aHigh school students _xPsychology. |
||
| 650 | _aSocial support networks. | ||
| 650 |
_aForeign students _xSocial conditions. |
||
| 942 |
_2lcc _cPASS |
||
| 999 |
_c98419 _d98419 |
||